[Event "GER-ch U12"]
[Site "Willingen"]
[Date "2009.06.06"]
[Round "11"]
[White "Diederichs, Luise"]
[Black "Behr, Jessica"]
[Result "1/2-1/2"]
[WhiteElo "1209"]
[BlackElo "1053"]
[PlyCount "42"]
[EventDate "2009.05.30"]
[EventType "swiss"]
[EventRounds "11"]
[EventCountry "GER"]
[SourceTitle "EXT 2010"]
[Source "ChessBase"]
[SourceDate "2010.11.25"]
[SourceVersion "1"]
[SourceVersionDate "2010.11.25"]
[SourceQuality "1"]

1. d4 d5 2. c4 e6 3. Nc3 Nf6 4. Bg5 Nbd7 5. cxd5 exd5 6. e3 Be7 7. Bd3 0-0 8. Nge2 c5 9. 0-0 h6 10. Bf4 Qb6 11. b3 cxd4 12. Nxd4 Nc5 13. Rc1 Nxd3 14. Qxd3 Be6 15. Qb5 Qxb5 16. Ncxb5 Bd7 17. Rc7 Rfb8 18. Rfc1 a6 19. Nd6 Bxd6 20. Bxd6 Rc8 21. Rxc8+ Rxc8 1/2-1/2